BIBLIOTECA

SENCICO

Ciudades y edificios : (Registro nro. 3794)

Detalles MARC
000 -LEADER
fixed length control field 00813nam a22002417a 4500
003 - CONTROL NUMBER IDENTIFIER
control field PE SENCICO BE
005 - DATE AND TIME OF LATEST TRANSACTION
control field 20251020182625.0
008 - FIXED-LENGTH DATA ELEMENTS--GENERAL INFORMATION
fixed length control field 230125b |||||||| |||| 00| 0 eng d
020 ## - INTERNATIONAL STANDARD BOOK NUMBER
International Standard Book Number 978-84-291-2303-6
040 ## - CATALOGING SOURCE
Original cataloging agency PE SENCICO BE
Transcribing agency PE SENCICO BE
041 ## - LANGUAGE CODE
Language code of text/sound track or separate title spa
082 ## - DEWEY DECIMAL CLASSIFICATION NUMBER
Classification number 711.4
Item number R21
100 1# - MAIN ENTRY--PERSONAL NAME
9 (RLIN) 520
Personal name Rasmussen, Steen Eiler
Relator term autor
245 1# - TITLE STATEMENT
Title Ciudades y edificios :
Remainder of title descritos con dibujos y palabras /
Statement of responsibility, etc. Steen Eiler Rasmussen
260 ## - PUBLICATION, DISTRIBUTION, ETC.
Place of publication, distribution, etc. Barcelona:
Name of publisher, distributor, etc. Reverté,
Date of publication, distribution, etc. 2014
300 ## - PHYSICAL DESCRIPTION
Extent [7], 271 p. :
Other physical details il., diagrs. ;
Dimensions 24 cm.
440 1# - SERIES STATEMENT/ADDED ENTRY--TITLE
9 (RLIN) 521
Title Documentos de composición arquitectónica
Number of part/section of a work 3
650 14 - SUBJECT ADDED ENTRY--TOPICAL TERM
9 (RLIN) 522
Topical term or geographic name entry element Ciudades
General subdivision Historia
650 24 - SUBJECT ADDED ENTRY--TOPICAL TERM
9 (RLIN) 76
Topical term or geographic name entry element Historia urbana
650 24 - SUBJECT ADDED ENTRY--TOPICAL TERM
9 (RLIN) 49
Topical term or geographic name entry element Arquitectura
General subdivision Historia
910 ## - USER-OPTION DATA (OCLC)
-- hfp
-- hfp
942 ## - ADDED ENTRY ELEMENTS (KOHA)
Source of classification or shelving scheme Dewey Decimal Classification
Koha item type Libros
Classification part 711.4
Item part R21
Existencias
Fecha de la última vez que lo usaron Número de ingreso o de inventario Pago total Signatura topográfica completa Precio efectivo desde Tipo de documento Estado perdido Sistema de clasificación Estado dañado No es para préstamo Retirado Ubicación permanente Ubicación actual Fecha de adquisición
25/01/2023 16423   711.4/R21 25/01/2023 Libros   Dewey Decimal Classification       Biblioteca Central Lima Biblioteca Central Lima 25/01/2023